01574nam a22003857a 4500003000500000005001700005008004100022010001000063011001000073035001000083040000900093090001000102100003900112245008500151260004000236300003000276502010300306590003700409590004100446590004100487590004100528590004100569590004100610590004200651650003600693650003800729650002900767901000700796942000900803949004300812949005500855999001700910952013300927952012801060CHAP20220329141011.0971013s1996 r 00010 d a61113 a62085 a66259 cCHAP aTesis00aCantero Barrios, Rosalía.918462 aGerminación y crecimiento inicial de Pinus cembroides subsp orizabensis Bailey aChapingo, Méx. :bEl autor,c1996 a69 h.b: ilus. ; gráfs. aTesis (Ing. Forestal con Orientación en Silvicultura) -- UACH. División de Ciencias Forestales aALEPHb10c20130110lUCH01h1340 aBATCH-UPDb10c20130110lUCH01h0010 aBATCH-UPDb10c20130110lUCH01h0455 aBATCH-UPDb10c20130409lUCH01h1946 aBATCH-UPDb10c20130410lUCH01h1323 aBATCH-UPDb10c20130914lUCH01h0833 aCONVERSIONb10c20130109lUCH01h133314aPináceasxCrecimiento.98822514aPináceasxGerminación.98823814aPinus cembroides.988325 aBK cFOLL bBCcTESd-151432eTS1h29262i66259si bBCcTESd33724000621405eTS2fc.2h29263i66259si c61113d61113 00102local4053708TESISaBCbBCcPA_TESISd2019-12-31fTESISl0p33724000621405r2019-12-31 00:00:00tc.2w2019-12-31yTESIS 00102local4051708TESISaBCbBCcPA_TESISd2019-12-31fTESISl0oTesisp-151432r2019-12-31 00:00:00w2019-12-31yTESIS